000 01710nam a2200349 a 4500
999 _c202090
_d202090
003 BLK
005 20240405095607.0
008 180411b bul|||||r ||||||| ||bul||
010 _aKNG00211549000
040 _aBLK
041 _aBUL
_cBUL
080 _aНационалнореволюционно движение през 70-те години
_b94(497.2)"187..."
_z94(497.2)"187..."
100 _aЗаимов, Стоян Стоянов
_d1853 - 1932
_gИсторик, политик, обществен деец. Преводач от руски език
_eпърви автор
_9428520
139 _aЗаимов, Стоян Стоянов
_bЗ 24
245 1 0 _aМиналото
_bОчерки и спомени из деятелността на бълг. тайни револ. комитети от 1869-1877 г. : Кн. 1 - 3
_cСтоян Стоянов Заимов.
_nКн.1
250 _a2. изд.
257 _aBGR
260 _bХристо Г. Данов
_c1898 -
_aПловдив
300 _c18 см
380 _a9
490 _9435080
_aКолекция Редки и ценни издания
500 _aПодв. с Ч.2 с инв. номер 2344/57; Ч.3 с инв. номер 8835/66
650 4 _aРеволюционни, национални и народоосвободителни движения - България
_9266998
760 1 _aЗаимов, Стоян Стоянов
_b2. изд.
_d1898
_hІV, 216 с.
_tКн.1
852 _aРб 898
_bРц
856 4 _qpdf
856 4 _qpdf
942 _cKNG
_n0
_s1
944 _aCR
_c23.08.2017
_k30560
_lГеновева Генчева
944 _aED
_c23.08.2017
_kГеновева_Генчева
999 _d202090